Emojis de la nature (quiz complet) - Statistiques

Statistiques générales
  • Ce quiz a été pris 63 fois
  • Le résultat moyen est 28 sur 55
Statistiques - réponses
Hint Réponse % Correct
🌙 Lune
92%
Etoile
90%
☁️ Nuage
90%
🌧️ Pluie
90%
🌹 Rose
90%
☀️ Soleil
90%
🌵 Cactus
88%
🔥 Feu
88%
🌍 Terre
88%
🌨️ Neige
86%
🌲 Sapin
84%
🌷 Tulipe
84%
🌴 Palmier
82%
☘️ Trèfle
82%
🌈 Arc-en-ciel
78%
🏔️ Montagne
78%
🌠 Etoile filante
76%
🌋 Volcan
76%
☃️ Bonhomme de neige
73%
🌻 Tournesol
73%
🌪️ Tornade
71%
🌳 Arbre
69%
🌊 Vague
67%
💨 Vent
67%
⛈️ Orage
65%
🌩️ Eclair
63%
Parapluie
63%
🌕 Pleine lune
63%
🌼 Fleur
55%
❄️ Flocon de neige
53%
💐 Bouquet de fleurs
47%
🍁 Feuille d'érable
47%
🍃 Feuilles
47%
🍀 Trèfle à quatre feuilles
45%
🌅 Lever de soleil / coucher de soleil
37%
🌥️ Nuageux
33%
🌺 Hibiscus
24%
🍂 Feuilles mortes
22%
🪷 Lotus
18%
🪨 Roche
16%
🌸 Fleur de cerisier
14%
🌾 Epi de blé
12%
💧 Goute d'eau
12%
🌑 Nouvelle lune
12%
🌗 Dernier quartier
10%
🌿 Herbe
10%
🌓 Premier quartier
10%
🌌 Voie lactée
10%
🌒 Premier croissant
6%
🌘 Dernier croissant
4%
Eclaircie
4%
🏕️ Campement
2%
🌱 Jeune pousse
2%
🌔 Lune gibbeuse croissante
2%
🌖 Lune gibbeuse décroissante
2%
Aucun quiz correspondant
Distribution des résultats
% des personnes avec chaque résultat
Percentile par nombre de réponses
Votre historique - résultats
Vous n’avez pas pris ce quiz